| 000 | 00554nam a2200169 4500 | ||
|---|---|---|---|
| 001 | 116875 | ||
| 003 | ES-MaACL | ||
| 005 | 20230906190802.0 | ||
| 007 | t| | ||
| 008 | 061121m19371939sp r ||||1| spa d | ||
| 100 | 1 |
_aPende, Nicola. _990160 |
|
| 245 | 1 | 0 |
_aEndocrinología _b: patología y clínica de los órganos de secreción interna / _cNicola Pende. |
| 250 | _atraducción de la 4ª. ed. italiana. | ||
| 260 |
_aBarcelona : _b[s.n.], _c1937-1939 ( _fImp. Hispano-Americana) |
||
| 300 |
_a2 v. ; _c25 cm. |
||
| 852 |
_aES-MaACL _jE-1034-35 _bR.18200 |
||
| 999 |
_c116875 _d116875 |
||